|
|
|
|
| LEADER |
01233nam a22002537a 4500 |
| 001 |
AAL8522 |
| 003 |
BD-DhAAL |
| 005 |
20160627123257.0 |
| 008 |
160627s 2011bg ||||| |||| 00| 0 ben d |
| 020 |
|
|
|a 9789845040389
|
| 040 |
|
|
|a BD-DhAAL
|c BD-DhAAL
|
| 082 |
|
|
|a 891.4414
|
| 100 |
|
|
|a আহমদ, সফিউদ্দিন
|9 19747
|
| 245 |
|
|
|a রবীন্দ্রনাথঃ উৎসর্গপত্র :
|b কবিতা ও নাটক /
|c সফিউদ্দিন আহমদ
|
| 260 |
|
|
|a ঢাকা :
|b মূর্ধন্য,
|c ২০১১
|
| 300 |
|
|
|a ৮০ পৃ. :
|b চিত্র ;
|c ২২ সে.মি.
|
| 490 |
|
|
|a রবীন্দ্র-স্মারক গ্রন্থমালা
|
| 541 |
|
|
|e 8522
|
| 650 |
|
|
|a Bengali literature
|9 19746
|
| 852 |
|
|
|a Savar Campus Library
|c General Stacks
|
| 942 |
|
|
|2 ddc
|c BK
|
| 999 |
|
|
|c 37634
|d 37634
|
| 952 |
|
|
|0 0
|1 0
|2 ddc
|4 0
|6 891_441400000000000_AHM
|7 0
|9 59193
|a SCL
|b SCL
|c GEN
|d 2016-06-27
|e Gift: BLC, Savar
|g 120.00
|l 0
|o 891.4414 AHM
|p 3020008522
|r 2016-06-27
|t 1
|w 2016-06-27
|y BK
|
| 952 |
|
|
|0 0
|1 0
|2 ddc
|4 0
|6 891_441400000000000_AHA
|7 0
|9 62894
|a SCL
|b SCL
|c GEN
|d 2018-03-18
|e Gift: BLC, Savar
|g 120.00
|l 0
|o 891.4414 AHA
|p 3020009554
|r 2018-03-18
|t 2
|w 2018-03-18
|y BK
|